| 000 | 01146nam a2200325Ia 4500 | ||
|---|---|---|---|
| 003 | OSt | ||
| 005 | 20221006155947.0 | ||
| 006 | a|||||r|||| 00| 0 | ||
| 007 | ta | ||
| 008 | 221006b |||||||| |||| 00| 0 eng d | ||
| 020 | _a9788973006328 | ||
| 024 | _a43,945 | ||
| 037 |
_bGift, Korean Embassy (Window on Korea) _cTextual |
||
| 040 |
_aEASL _cEASL _beng |
||
| 041 |
_2eng _aeng |
||
| 082 | _aY15:1.4295, P5 | ||
| 100 |
_aLIN Wei-hung Ed. _9671244 |
||
| 245 | 0 |
_aGender, culture and society _b Women's studies in Taiwan |
|
| 260 |
_aSeoul _bEwha Woman:s University Press Korea _c2005 |
||
| 300 |
_a509p. _ccm. |
||
| 490 |
_v CEL _aWomen's studies in Asia series: Taiwan |
||
| 650 | _a Gen | ||
| 650 |
_a Taiwan - Social institution _9671245 |
||
| 650 |
_a Taiwan - Women - Marriage and family _9671246 |
||
| 650 |
_a Taiwan - Women movement - Development of _9671247 |
||
| 650 |
_aTaiwan - History and culture _9671248 |
||
| 700 |
_a HSIEH Hsiao-chin Ed. _9671249 |
||
| 942 |
_hY15:1.4295, P5 _cTEXL _2CC |
||
| 999 |
_c1112037 _d1112037 |
||